000 00660cam a22002531 4500
001 sa 68009127
003 DLC
005 20260227112540.0
008 950303s1965 ii 000 0 beno
010 _asa 68009127
025 _aPL480:EP-B-1400
035 _a(OCoLC)32083970
040 _aDLC
_cCU
_dCU
_dDLC
042 _apremarc
050 0 0 _aHF5500
_b.M77
100 1 _aKhan, Md. Muinuddin.
245 1 0 _aKārabārera saṃgaṭhana, paricālanā o byabasthāpanā.
260 _c[1965]
300 _a198, 60, [199]-212 p.
_c22 cm.
500 _aIn Bengali.
650 0 _aManagement.
650 0 _aBusiness.
700 2 _aFazlul Huq, Muhammad.
999 _c82735
_d82735